| 000 | 00726nam a2200229 i 4500 | ||
|---|---|---|---|
| 001 | 75941 | ||
| 003 | ES-MaACL | ||
| 005 | 20250824221155.0 | ||
| 007 | t| | ||
| 008 | 040928s1965 sp |||| | spa d | ||
| 100 | 1 |
_aGuardini, Romano. _960319 |
|
| 245 | 1 | 3 |
_aLa Fe en nuestro tiempo / _cRomano Guardini ; [lo tradujo al castellano, Andrés Pedro Sánchez Pascual]. |
| 260 |
_a[Madrid : _bCristiandad, _c1965] |
||
| 300 |
_a220 p. ; _c19 cm. |
||
| 490 | 1 | _aLos libros del monograma | |
| 650 | 0 | 4 |
_aFe. _912734 |
| 650 | 7 |
_aMoral cristiana _2embne _9142371 |
|
| 700 | 1 |
_aSánchez Pascual, Andrés. _9102833 |
|
| 830 | 0 | 4 |
_aLos libros del monograma _9183512 |
| 852 |
_aES-MaACL _jF-7293 |
||
| 999 |
_c75941 _d75941 |
||